Clubs d'Île-de-France en U17 National (2025/2026) - Statistiques

Statistiques générales
  • Ce quiz a été pris 15 fois
  • Le résultat moyen est 8 sur 13
Statistiques - réponses
Groupe Département Club % Correct
A 75 Paris FC
100%
A 75 / 78 Paris-Saint-Germain FC
100%
A 78 FC Versailles 78
77%
B 93 Red Star FC / Saint-Ouen-sur-Seine
77%
C 77 US Torcy-Paris Vallée de la Marne
77%
B 95 AAS Sarcelles
62%
A 78 FC Mantois 78 / Mantes-la-Ville / Mantes-la-Jolie
62%
B 93 Montfermeil FC
54%
A 75 / 92 Racing Club de France / Colombes
54%
B 92 ES Nanterre
46%
B 93 JA Drancy
46%
A 92 Montrouge FC 92
46%
A 91 CS Brétigny Football / Brétigny-sur-Orge
31%
Aucun quiz correspondant
Distribution des résultats
% des personnes avec chaque résultat
Percentile par nombre de réponses
Votre historique - résultats
Vous n’avez pas pris ce quiz